Представление документа в формате RUSMARC

ПолеНазваниеЗначение
  Тип записи a
  Библиографический уровень m
001 Контрольный номер d8a7bd12f8df4fea8b1e17997ce7aed7
005 Дата корректировки 20250822102340.6
010 Индекс ISBN __
a ISBN 978-5-353-10728-6
b Уточнения в пер.
100 Данные общей обработки __
a Данные общей обработки 20250704d 0rusy0189## ca
101 Язык документа 0_
a Язык текста rus
102 Страна публикации __
a Страна публикации RU
200 Заглавие и сведения об ответственности 1_
a Заглавие Безопасность
e Сведения, относящиеся к заглавию [для дошкольного возраста]
f Первые сведения об ответственности [Н. И. Котятова]
210 Выходные данные 1_
a Место издания Москва
c Издательство РОСМЭН
d Дата издания 2024
215 Физическое описание __
a Объем 45, [3] с.
c Иллюстрации/тип воспроизводства цв. ил.
225 Серия 2_
a Серия Энциклопедия для детского сада
300 Общие примечания __
a Общие примечания Указ. в конце кн.
300 Общие примечания __
a Общие примечания На обл. авт. не указан
333 Примечание о целевом назначении __
a Примечание о целевом назначении 0+
606 Тематические рубрики 0_
a Основная рубрика Основы безопасности жизнедеятельности - Энциклопедии для детей
610 Ключевые слова 0_
a Ключевые слова основы безопасности жизнедеятельности; безопасность детей; безопасное обращение с электричеством; безопасное поведение дома; безопасное поведение на дороге; безопасное поведение на улице; безопасное поведение в лесу; стихийные бедствия; интересные факты; энциклопедии для детей
686 Индексы других классификаций __
a Классификационный индекс 68.9я2
700 Автор _1
a Фамилия Котятова
b Имя (инициалы) Н. И.
g Полное личное имя Наталья Игоревна
801 Источник записи _0
a Страна RU
b Организация УОБДЮ
c Дата составления 20250704
g Правила каталогизации RCR
801 Источник записи _1
a Страна RU
b Организация УОБДЮ
c Дата составления 20250704
g Правила каталогизации RCR
830 Общее примечание каталогизатора __
a Текст примечания Д
852 Данные о местонахождении __
i Авторский знак К 73
j Шифр хранения 68.9
900 Электронные ресурсы __
a Имя электронного ресурса 591370
901 Тип документа __
t Тип документа m
905 Данные по созданию БЗ __
b Логин пользователя, который создал БЗ imm
b Логин пользователя, который создал БЗ o8
a Дата создания БЗ 202508
909 Создатель записи __
b Дата создания записи 20250704